000 00425nam a2200145Ia 4500
008 100122s9999 xx 000 0 und d
082 _b42723
_a823.08
100 _aबनहट्टी राजेंद्र
245 _aलांडगा
260 _bश्री विशाखा प्रकाशन
_c1989
300 _a199
630 _aलांडगा
730 _aलांडगा
942 _cBOOK
999 _c423042
_d423039